<?xml version='1.0' encoding='UTF-8'?>
  <record xmlns="http://www.loc.gov/MARC21/slim">
    <leader>00000cam a22000007i 4500</leader>
    <controlfield tag="001">ocm64476105</controlfield>
    <controlfield tag="003">OCoLC</controlfield>
    <controlfield tag="005">20250914005144.3</controlfield>
    <controlfield tag="008">870310s1856    ne       m    000 0 dut d</controlfield>
    <datafield tag="040" ind1=" " ind2=" ">
      <subfield code="a">NLGGC</subfield>
      <subfield code="b">dut</subfield>
      <subfield code="e">fobidrtb</subfield>
      <subfield code="c">NLGGC</subfield>
      <subfield code="d">OCLCO</subfield>
      <subfield code="d">OCLCA</subfield>
      <subfield code="d">OCLCL</subfield>
      <subfield code="d">OCLCQ</subfield>
    </datafield>
    <datafield tag="029" ind1="0" ind2=" ">
      <subfield code="a">NLGGC</subfield>
      <subfield code="b">036876208</subfield>
    </datafield>
    <datafield tag="035" ind1=" " ind2=" ">
      <subfield code="a">(OCoLC)64476105</subfield>
    </datafield>
    <datafield tag="100" ind1="1" ind2=" ">
      <subfield code="a">Dorhout Mees, B.</subfield>
      <subfield code="q">(Bernardus),</subfield>
      <subfield code="d">1830-1890.</subfield>
      <subfield code="1">https://id.oclc.org/worldcat/entity/E39PCjwrBgfBWjktfdGpqdRPcd</subfield>
    </datafield>
    <datafield tag="245" ind1="1" ind2="0">
      <subfield code="a">Academisch proefschrift over de regtskracht van het beding, volgens art. 1223, lid 2, Burg. Wetb., tusschen den schuldenaar en den hypotheekhouder aan te gaan /</subfield>
      <subfield code="c">door B. Dorhout Mees.</subfield>
    </datafield>
    <datafield tag="246" ind1="3" ind2=" ">
      <subfield code="a">Over de regtskracht van het beding, volgens art. 1223, lid 2, Burg. Wetb., tusschen den schuldenaar en den hypotheekhouder aan te gaan</subfield>
    </datafield>
    <datafield tag="246" ind1="3" ind2=" ">
      <subfield code="a">Specimen juridicum inaugurale de efficacitate pacti conventi, quod per art. 1223, al. 2, Cod. Civ. inter debitorem et creditorem hypothecarium iniri sotet</subfield>
    </datafield>
    <datafield tag="246" ind1="3" ind2=" ">
      <subfield code="a">De efficacitate pacti conventi, quod per art. 1223, al. 2, Cod. Civ. inter debitorem et creditorem hypothecarium iniri sotet</subfield>
    </datafield>
    <datafield tag="260" ind1=" " ind2=" ">
      <subfield code="a">Utrecht :</subfield>
      <subfield code="b">C. Bielevelt,</subfield>
      <subfield code="c">1856.</subfield>
    </datafield>
    <datafield tag="300" ind1=" " ind2=" ">
      <subfield code="a">xii, 65, [5] p. ;</subfield>
      <subfield code="c">8-o.</subfield>
    </datafield>
    <datafield tag="336" ind1=" " ind2=" ">
      <subfield code="a">tekst</subfield>
      <subfield code="b">txt</subfield>
      <subfield code="2">rdacontent/dut</subfield>
    </datafield>
    <datafield tag="337" ind1=" " ind2=" ">
      <subfield code="a">zonder medium</subfield>
      <subfield code="b">n</subfield>
      <subfield code="2">rdamedia/dut</subfield>
    </datafield>
    <datafield tag="338" ind1=" " ind2=" ">
      <subfield code="a">band</subfield>
      <subfield code="b">nc</subfield>
      <subfield code="2">rdacarrier/dut</subfield>
    </datafield>
    <datafield tag="500" ind1=" " ind2=" ">
      <subfield code="a">Ook met Latijns titelblad: Specimen juridicum inaugurale de efficacitate pacti conventi, quod per art. 1223, al. 2, Cod. Civ. inter debitorem et creditorem hypothecarium iniri sotet.</subfield>
    </datafield>
    <datafield tag="502" ind1=" " ind2=" ">
      <subfield code="a">Proefschrift Utrecht.</subfield>
    </datafield>
    <datafield tag="530" ind1=" " ind2=" ">
      <subfield code="a">Titel is gedigitaliseerd voor de Koninklijke Bibliotheek in het kader van het Google Books-project.</subfield>
    </datafield>
    <datafield tag="655" ind1=" " ind2="7">
      <subfield code="a">Proefschriften (vorm)</subfield>
      <subfield code="2">gtt</subfield>
      <subfield code="0">(NL-LeOCL)088144445</subfield>
    </datafield>
    <datafield tag="758" ind1=" " ind2=" ">
      <subfield code="a">Academisch proefschrift over de regtskracht van het beding, volgens art. 1223, lid 2, Burg. Wetb., tusschen den schuldenaar en den hypotheekhouder aan te gaan (Text)</subfield>
      <subfield code="1">https://id.oclc.org/worldcat/entity/E39PCGW4px87FPHbMPdCFFhXQy</subfield>
      <subfield code="4">https://id.oclc.org/worldcat/ontology/hasWork</subfield>
    </datafield>
    <datafield tag="776" ind1="0" ind2=" ">
      <subfield code="t">Academisch proefschrift over de regtskracht van het beding, volgens art. 1223, lid 2, Burg. Wetb., tusschen den schuldenaar en den hypotheekhouder aan te gaan</subfield>
      <subfield code="w">(NL-LeOCL)354076124</subfield>
    </datafield>
    <datafield tag="936" ind1=" " ind2=" ">
      <subfield code="a">BATCHLOAD</subfield>
    </datafield>
  </record>